Fashion Capitals - Statistics

General Stats
  • This quiz has been taken 29,760 times
    28,107 since last reset
  • The average score is 13 of 20
Answer Stats
Rank City % Correct
1 Paris
99%
2 New York
98%
3 London
94%
6 Milan
91%
5 Rome
87%
4 Los Angeles
86%
10 Tokyo
84%
8 Berlin
79%
9 Madrid
78%
13 Sydney
66%
7 Barcelona
65%
18 Rio de Janeiro
56%
15 Shanghai
50%
19 Miami
49%
12 Hong Kong
46%
14 Singapore
40%
17 Dubai
35%
16 São Paulo
34%
11 Florence
32%
20 Dallas
20%
No matching quizzes found
Score Distribution
Percent of People with Each Score
Percentile by Number Answered
Your Score History
You have not taken this quiz since the last reset